Longest-Running St. Paddy's Day Parades Quiz Stats

 Plays Quiz Updated Mar 17, 2015

Challenge
Share
Tweet
Embed
Score 0/19 Timer 05:00
0 Plays Today
U.S. State Town/City % Correct
New YorkNew York City
97.9%
MassachusettsBoston
93.5%
PennsylvaniaPhiladelphia
91.1%
IllinoisChicago
90.2%
LouisianaNew Orleans
84.9%
PennsylvaniaPittsburgh
82.8%
CaliforniaSan Francisco
77.1%
OhioCleveland
71.9%
MinnesotaSt. Paul
70.8%
New YorkBuffalo
67.2%
U.S. State Town/City % Correct
WisconsinMilwaukee
64.4%
MissouriKansas City
63.7%
GeorgiaSavannah
53.6%
ConnecticutNew Haven
38.7%
PennsylvaniaScranton
37.2%
MontanaButte
23.1%
New JerseyMorristown
5.9%
MissouriRolla
4.9%
PennsylvaniaCarbondale
3.4%

You're not logged in!

Compare scores with friends on all Sporcle quizzes.
Join for Free
OR
Log In

You Might Also Like...

Show Comments

Extras

Top Quizzes Today


Score Distribution

Your Account Isn't Verified!

In order to create a playlist on Sporcle, you need to verify the email address you used during registration. Go to your Sporcle Settings to finish the process.

Report this User

Report this user for behavior that violates our Community Guidelines.

Details: